| 000 | 01639cam a22003854a 4500 | ||
|---|---|---|---|
| 001 | 15599737 | ||
| 003 | OSt | ||
| 005 | 20150408113918.0 | ||
| 008 | 090121s2009 gw a b 101 0 eng c | ||
| 010 | _a 2009921116 | ||
| 016 | 7 |
_a101525620 _2DNLM |
|
| 020 | _a9783642004124 (alk. paper) | ||
| 020 | _a3642004121 (alk. paper) | ||
| 035 | _a(OCoLC)ocn433567954 | ||
| 040 |
_aNLM _cNLM _dNWQ _dOHX _dBTCTA _dYDXCP _dDLC |
||
| 042 | _apcc | ||
| 050 | 0 | 0 |
_aR858.A2 _bE22 2008 |
| 060 | 0 | 0 | _a2010 C-049 |
| 060 | 1 | 0 |
_aW 26.5 _bE339e 2009 |
| 082 |
_221 _a610.285 _bEHE |
||
| 111 | 2 |
_aeHealth 2008 _d(2008 : _cLondon, England) _94077 |
|
| 245 | 1 | 0 |
_aElectronic healthcare : _bFirst International Conference, eHealth 2008, London, UK, September 8-9, 2008 : revised selected papers / _c[edited by] Dasun Weerasinghe. |
| 260 |
_aBerlin : _bSpringer, _cc2009. |
||
| 300 |
_axi, 222 p. : _bill. ; _c24 cm |
||
| 490 | 1 |
_aLecture notes of the Institute for Computer Sciences, Social Informatics and Telecommunications Engineering, _x1867-8211 ; _v1 |
|
| 504 | _aIncludes bibliographical references and index. | ||
| 650 | 1 | 2 |
_aMedical Informatics Applications _vCongresses. _94078 |
| 650 | 2 | 2 |
_aTelemedicine _vCongresses. _94079 |
| 650 | 0 |
_aMedical informatics _vCongresses. _94080 |
|
| 700 | 1 |
_aWeerasinghe, Dasun. _94081 |
|
| 830 | 0 |
_aLecture notes of the Institute for Computer Sciences, Social Informatics, and Telecommunications Engineering ; _v1. _94082 |
|
| 906 |
_a7 _bcbc _cpccadap _d2 _encip _f20 _gy-gencatlg |
||
| 942 |
_2ddc _cDVD |
||
| 999 |
_c14275 _d248775 |
||